| 000 | 00607nam a2200169 a 4500 | ||
|---|---|---|---|
| 001 | 1213 | ||
| 003 | CDMR | ||
| 005 | 20131107172040.0 | ||
| 008 | 130130s ||||||||||||||||||||||||||||d | ||
| 040 |
_aCDMR _bcat _cCDMR |
||
| 110 | 2 |
_aFederación de Asociaciones de la Prensa de España _9949 |
|
| 245 | 1 | 0 |
_aEstatutos de la Federación de Asociaciones de la Prensa de España _b: aprobados en Asamblea Extraordinaria celebrada en Lanzarote el día 8 de junio de 2001 |
| 260 |
_bFAPE _c2001 |
||
| 300 |
_a[16] f. _c30 cm |
||
| 610 | 2 |
_9949 _aFederación de Asociaciones de la Prensa de España |
|
| 942 |
_cFULLET _2udc |
||
| 999 |
_c1213 _d1213 |
||